000 00272nam a2200097Ia 4500
001 682949
005 20250826161428.0
008 250824s9999 xx 000 0 und d
245 0 _aMEKANLAR VE OLAYLARIYLA HZ. MUHAMMEDİN HAYATI
_cTALHA UĞURLUEL
260 _bTİMAŞ YAYINLARI
999 _c682949
_d682949